literature with locations in the title - Statistics

General Stats
  • This quiz has been taken 93 times
  • The average score is 8 of 15
Answer Stats
title type writer year location % Correct
The Merchant of ______ play William Shakespeare c. 1598 Venice
94%
The Old Man and ___ ___ novella Ernest Hemingway 1952 The Sea
91%
A Passage to _____ novel E.M. Forster 1924 India
86%
The Pirates of _______ opera Gilbert and Sullivan 1879 Penzance
70%
The Legend of ______ ______ story Washington Irving 1820 Sleepy Hollow
70%
Midnight in the ______ of Good and Evil literary nonfiction John Berendt 1994 Garden
66%
A Tree Grows in ________ novel Betty Smith 1943 Brooklyn
65%
___________ novel George Eliot 1871 Middlemarch
60%
The Mayor of ____________ novel Thomas Hardy 1886 Casterbridge
50%
The House on _____ ______ novel Sandra Cisneros 1984 Mango Street
30%
______ poem Langston Hughes 1951 Harlem
29%
The Diamond as Big as ___ ____ novella F. Scott Fitzgerald 1922 The Ritz
26%
An Occurrence at ___ _____ ______ story Ambrose Bierce 1890 Owl Creek Bridge
16%
In ________ ______ poem John McCrae 1915 Flanders Fields
11%
The Sirens of _____ novel Kurt Vonnegut 1959 Titan
11%
No matching quizzes found
Score Distribution
Percent of People with Each Score
Percentile by Number Answered
Your Score History
You have not taken this quiz